000 00611nam a22002057a 4500
999 _c137
_d137
003 OSt
005 20200128160017.0
008 140707b xxu||||| |||| 00| 0 eng d
020 _a9780857020413
040 _cDDC
082 _222nd ed.
_a658.1 CLE 2011
_bC
100 _aClegg, Stewart; Kornberger, Martin; Pitsis, Tyrone
_9363
245 _aManaging & Organizations:
_ban introduction to theory & practice
250 _a3rd ed.
260 _bSage,
_c2011
300 _axxix,682p;
_bcol.ill
_c25cm
504 _aBibliography, Glossary, index,cradit included
650 _aManagement
_9364
942 _2z
_cO_SHELF